[Event "Malopolski-ch"]
[Site "Krakow POL"]
[Date "2015.05.03"]
[Round "9"]
[White "Kyc, Jerzy"]
[Black "Golubka, Petro"]
[Result "1/2-1/2"]
[WhiteElo "2157"]
[BlackElo "2383"]
[WhiteFideId "-1"]
[BlackFideId "-1"]
[PlyCount "22"]
[GameId "2130307659552771"]
[EventDate "2015.04.26"]
[EventType "swiss"]
[EventRounds "9"]
[EventCountry "POL"]
[SourceTitle "Mega2015 Update 24"]
[Source "Chessbase"]
[SourceDate "2015.05.08"]
[SourceVersion "1"]
[SourceVersionDate "2015.05.08"]
[SourceQuality "1"]

1. e4 e5 2. Nf3 Nc6 3. Bb5 a6 4. Ba4 Nf6 5. d3 d6 6. c3 Bd7 7. O-O Be7 8. Re1 O-O 9. Nbd2 Re8 10. Nf1 Bf8 11. Ng3 g6 1/2-1/2

[Event "Lvov Maksym Yusupov Memorial 3rd"]
[Site "Lvov"]
[Date "2015.03.06"]
[Round "2"]
[White "Malakhova, Elizaveta"]
[Black "Golubka, Petro"]
[Result "0-1"]
[WhiteElo "2299"]
[BlackElo "2383"]
[WhiteFideId "-1"]
[BlackFideId "-1"]
[PlyCount "52"]
[GameId "1166659177725952"]
[EventDate "2015.03.06"]
[EventType "tourn (rapid)"]
[EventRounds "9"]
[EventCountry "UKR"]
[EventCategory "1"]
[SourceTitle "CBM 165 Extra"]
[Source "ChessBase"]
[SourceDate "2015.04.21"]
[SourceVersion "1"]
[SourceVersionDate "2015.04.21"]
[SourceQuality "1"]

1. d4 d5 2. c4 e6 3. Nc3 c5 4. e3 Nf6 5. Nf3 Nc6 6. cxd5 exd5 7. Bb5 Bd6 8. O-O O-O 9. h3 a6 10. Bd3 c4 11. Bc2 Re8 12. Re1 Bb4 13. Nd2 b5 14. a3 Ba5 15. Bb1 Ra7 16. b4 cxb3 17. Bb2 Ne4 18. Ndxe4 dxe4 19. d5 Ne5 20. Qxb3 Nf3+ 21. Kh1 Nxe1 22. Bxe4 Rae7 23. Rxe1 Rxe4 24. Nxe4 Bxe1 25. Qd3 Bf5 26. Qd4 f6 0-1

[Event "Lvov Maksym Yusupov Memorial 3rd"]
[Site "Lvov"]
[Date "2015.03.08"]
[Round "8"]
[White "Golubka, Petro"]
[Black "Lornye, Pylyp"]
[Result "1/2-1/2"]
[WhiteElo "2383"]
[BlackElo "2214"]
[WhiteFideId "-1"]
[BlackFideId "-1"]
[PlyCount "49"]
[GameId "1166659177844736"]
[EventDate "2015.03.06"]
[EventType "tourn (rapid)"]
[EventRounds "9"]
[EventCountry "UKR"]
[EventCategory "1"]
[SourceTitle "CBM 165 Extra"]
[Source "ChessBase"]
[SourceDate "2015.04.21"]
[SourceVersion "1"]
[SourceVersionDate "2015.04.21"]
[SourceQuality "1"]

1. e4 d6 2. d4 Nf6 3. Nc3 g6 4. Nf3 Bg7 5. Be2 O-O 6. O-O Nbd7 7. h3 e5 8. Bg5 c6 9. d5 Qc7 10. Bc4 Nb6 11. Bb3 cxd5 12. Bxf6 Bxf6 13. Nxd5 Nxd5 14. Bxd5 Be6 15. c3 Qc5 16. Bb3 Rad8 17. Bxe6 fxe6 18. Qb3 d5 19. Rfe1 Rfe8 20. a3 Qc6 21. Nd2 Bg5 22. Nf3 Bf6 23. Nd2 Bg5 24. Nf3 Bf6 25. Nd2 1/2-1/2

[Event "Maksym Yusupov mem."]
[Site "Lvov UKR"]
[Date "2015.03.06"]
[Round "1"]
[White "Golubka, Petro"]
[Black "Nester, Ihor"]
[Result "1-0"]
[WhiteElo "2383"]
[BlackElo "2269"]
[WhiteFideId "-1"]
[BlackFideId "-1"]
[PlyCount "105"]
[GameId "2130307661038544"]
[EventDate "2015.03.06"]
[EventType "tourn (rapid)"]
[EventRounds "9"]
[EventCountry "UKR"]
[EventCategory "1"]
[SourceTitle "Mega2015 Update 17"]
[Source "Chessbase"]
[SourceDate "2015.03.20"]
[SourceVersion "1"]
[SourceVersionDate "2015.03.20"]
[SourceQuality "1"]

1. d4 Nf6 2. c4 e6 3. Nf3 b6 4. a3 Bb7 5. Nc3 Ne4 6. Nxe4 Bxe4 7. Nd2 Bg6 8. g3 Nc6 9. e3 Bd6 10. h4 h6 11. Bg2 a5 12. Ne4 Qe7 13. f4 O-O 14. Bd2 Rab8 15. Bc3 Rfe8 16. O-O f5 17. Nxd6 cxd6 18. h5 Bf7 19. d5 exd5 20. cxd5 Na7 21. Re1 Nb5 22. Bd2 Nc7 23. e4 fxe4 24. Bxe4 Qf8 25. Qf3 Rxe4 26. Qxe4 Nxd5 27. Rac1 Nf6 28. Qd4 Bxh5 29. f5 d5 30. Bf4 Re8 31. Be5 Bf3 32. Bxf6 gxf6 33. Rxe8 Qxe8 34. Qxb6 Kg7 35. Qf2 Qh5 36. Qh2 Qxf5 37. Rf1 Qh5 38. Qxh5 Bxh5 39. b4 axb4 40. axb4 Be2 41. Re1 Bb5 42. Ra1 Kf7 43. Ra5 Bc4 44. b5 Ke7 45. b6 Kd6 46. Rc5 Ba6 47. Rc7 d4 48. Kf2 d3 49. Ke3 h5 50. Ra7 Bb5 51. Ra5 Bc4 52. b7 Kc7 53. Rc5+ 1-0

[Event "Maksym Yusupov mem."]
[Site "Lvov UKR"]
[Date "2015.03.06"]
[Round "3"]
[White "Golubka, Petro"]
[Black "Bordovsky, Vladimir"]
[Result "1/2-1/2"]
[WhiteElo "2383"]
[BlackElo "2340"]
[WhiteFideId "-1"]
[BlackFideId "-1"]
[PlyCount "75"]
[GameId "2130307661038553"]
[EventDate "2015.03.06"]
[EventType "tourn (rapid)"]
[EventRounds "9"]
[EventCountry "UKR"]
[EventCategory "1"]
[SourceTitle "Mega2015 Update 17"]
[Source "Chessbase"]
[SourceDate "2015.03.20"]
[SourceVersion "1"]
[SourceVersionDate "2015.03.20"]
[SourceQuality "1"]

1. e4 c5 2. Nf3 d6 3. d4 cxd4 4. Nxd4 Nf6 5. Nc3 a6 6. Be3 e6 7. g4 e5 8. Nf5 g6 9. Bg2 gxf5 10. exf5 d5 11. Nxd5 Nxd5 12. Bxd5 Qc7 13. c3 Nc6 14. Qb3 Na5 15. Qa4+ Bd7 16. Qe4 O-O-O 17. O-O-O Bc6 18. Bxc6 Rxd1+ 19. Rxd1 Nxc6 20. f6 Bd6 21. h4 Kb8 22. h5 h6 23. Qd5 Rd8 24. Qe4 Bf8 25. Rd5 Rxd5 26. Qxd5 Nb4 27. Qe4 Nc6 28. f4 Bd6 29. fxe5 Bxe5 30. Bxh6 Bxf6 31. Be3 Qe7 32. Qf4+ Be5 33. Qf3 Qf6 34. Qe4 Qf1+ 35. Kc2 Qe2+ 36. Kc1 Qe1+ 37. Kc2 Qe2+ 38. Kc1 1/2-1/2

[Event "Maksym Yusupov mem."]
[Site "Lvov UKR"]
[Date "2015.03.07"]
[Round "4"]
[White "Buksa, Nataliya"]
[Black "Golubka, Petro"]
[Result "1/2-1/2"]
[WhiteElo "2160"]
[BlackElo "2383"]
[WhiteFideId "-1"]
[BlackFideId "-1"]
[PlyCount "60"]
[GameId "2130307661038558"]
[EventDate "2015.03.06"]
[EventType "tourn (rapid)"]
[EventRounds "9"]
[EventCountry "UKR"]
[EventCategory "1"]
[SourceTitle "Mega2015 Update 17"]
[Source "Chessbase"]
[SourceDate "2015.03.20"]
[SourceVersion "1"]
[SourceVersionDate "2015.03.20"]
[SourceQuality "1"]

1. e4 c5 2. Nf3 d6 3. d4 cxd4 4. Nxd4 Nf6 5. Nc3 a6 6. Be2 e6 7. a4 Be7 8. O-O O-O 9. Be3 Nc6 10. f4 Qc7 11. Kh1 Bd7 12. Qe1 d5 13. e5 Ne4 14. Nxe4 dxe4 15. c3 Nxd4 16. Bxd4 b5 17. axb5 axb5 18. Qf2 Qb7 19. b4 Bc6 20. Qe3 g6 21. g4 f6 22. Rxa8 Qxa8 23. f5 exf5 24. gxf5 fxe5 25. Bxe5 Bf6 26. Bxf6 Rxf6 27. fxg6 Rxf1+ 28. Bxf1 hxg6 29. Kg2 Qe8 30. Be2 Kh7 1/2-1/2

[Event "Maksym Yusupov mem."]
[Site "Lvov UKR"]
[Date "2015.03.07"]
[Round "5"]
[White "Golubka, Petro"]
[Black "Voitovich, Vladislav"]
[Result "1-0"]
[WhiteElo "2383"]
[BlackElo "2321"]
[WhiteFideId "-1"]
[BlackFideId "-1"]
[PlyCount "83"]
[GameId "2130307661038562"]
[EventDate "2015.03.06"]
[EventType "tourn (rapid)"]
[EventRounds "9"]
[EventCountry "UKR"]
[EventCategory "1"]
[SourceTitle "Mega2015 Update 17"]
[Source "Chessbase"]
[SourceDate "2015.03.20"]
[SourceVersion "1"]
[SourceVersionDate "2015.03.20"]
[SourceQuality "1"]

1. d4 Nf6 2. c4 e6 3. Nf3 Bb4+ 4. Nbd2 O-O 5. a3 Be7 6. e4 d5 7. e5 Nfd7 8. Qc2 c5 9. Bd3 h6 10. Nb3 cxd4 11. cxd5 exd5 12. Bf4 Nc6 13. O-O f6 14. e6 Nde5 15. Nfxd4 Nxd4 16. Nxd4 Nxd3 17. Qxd3 Bc5 18. Rfe1 Bxd4 19. e7 Qb6 20. exf8=Q+ Kxf8 21. Qg3 Bf5 22. Rac1 g5 23. Be3 Bxe3 24. fxe3 Be4 25. b4 Re8 26. Qc7 Qe6 27. h3 d4 28. exd4 Qa2 29. Qg3 f5 30. Qd6+ Re7 31. Rxe4 fxe4 32. Rf1+ Ke8 33. Qb8+ Kd7 34. Qxb7+ Kd6 35. Rf6+ Re6 36. Qa6+ Ke7 37. Qxe6+ Qxe6 38. Rxe6+ Kxe6 39. Kf2 Kd5 40. Ke3 h5 41. g3 a6 42. a4 1-0

[Event "Maksym Yusupov mem."]
[Site "Lvov UKR"]
[Date "2015.03.07"]
[Round "6"]
[White "Golubka, Petro"]
[Black "Petrova, Irina"]
[Result "1/2-1/2"]
[WhiteElo "2383"]
[BlackElo "2185"]
[WhiteFideId "-1"]
[BlackFideId "-1"]
[PlyCount "59"]
[GameId "2130307661038569"]
[EventDate "2015.03.06"]
[EventType "tourn (rapid)"]
[EventRounds "9"]
[EventCountry "UKR"]
[EventCategory "1"]
[SourceTitle "Mega2015 Update 17"]
[Source "Chessbase"]
[SourceDate "2015.03.20"]
[SourceVersion "1"]
[SourceVersionDate "2015.03.20"]
[SourceQuality "1"]

1. d4 d6 2. c4 e5 3. Nc3 exd4 4. Qxd4 Nc6 5. Qd2 Nf6 6. Nf3 a5 7. b3 a4 8. bxa4 g6 9. Bb2 Bg7 10. e3 O-O 11. Be2 Nd7 12. O-O Nc5 13. Nd5 f6 14. Nd4 Nxa4 15. Bc1 f5 16. Rb1 Nxd4 17. exd4 c6 18. Nf4 Qa5 19. Qxa5 Rxa5 20. Bd2 Ra8 21. d5 Nc3 22. Bxc3 Bxc3 23. c5 dxc5 24. dxc6 bxc6 25. Bc4+ Kh8 26. g3 g5 27. Ne6 Bxe6 28. Bxe6 f4 29. gxf4 Rxf4 30. Rb6 1/2-1/2

[Event "Maksym Yusupov mem."]
[Site "Lvov UKR"]
[Date "2015.03.08"]
[Round "7"]
[White "Kotliar, Alexey"]
[Black "Golubka, Petro"]
[Result "0-1"]
[WhiteElo "2239"]
[BlackElo "2383"]
[WhiteFideId "-1"]
[BlackFideId "-1"]
[PlyCount "60"]
[GameId "2130307661042668"]
[EventDate "2015.03.06"]
[EventType "tourn (rapid)"]
[EventRounds "9"]
[EventCountry "UKR"]
[EventCategory "1"]
[SourceTitle "Mega2015 Update 17"]
[Source "Chessbase"]
[SourceDate "2015.03.20"]
[SourceVersion "1"]
[SourceVersionDate "2015.03.20"]
[SourceQuality "1"]

1. e4 c5 2. Nf3 d6 3. d4 cxd4 4. Qxd4 Nc6 5. Bb5 Bd7 6. Bxc6 Bxc6 7. Nc3 Nf6 8. Bg5 e6 9. O-O-O Be7 10. Qd3 h6 11. Bh4 O-O 12. Nd4 Qa5 13. f4 Rfe8 14. f5 Bd7 15. Nb3 Qb6 16. e5 Ng4 17. Bxe7 Rxe7 18. exd6 Ree8 19. f6 Nxf6 20. Rhf1 Ng4 21. Qf3 f5 22. Rfe1 Nxh2 23. Qg3 Ng4 24. Nd4 e5 25. Nf3 f4 26. Qh4 Rad8 27. g3 Ne3 28. Nd5 Nxd5 29. Rxd5 Qf2 30. Qh5 e4 0-1

[Event "Maksym Yusupov mem."]
[Site "Lvov UKR"]
[Date "2015.03.08"]
[Round "9"]
[White "Skliarov, Viktor"]
[Black "Golubka, Petro"]
[Result "1/2-1/2"]
[WhiteElo "2345"]
[BlackElo "2383"]
[WhiteFideId "-1"]
[BlackFideId "-1"]
[PlyCount "61"]
[GameId "2130307661042681"]
[EventDate "2015.03.06"]
[EventType "tourn (rapid)"]
[EventRounds "9"]
[EventCountry "UKR"]
[EventCategory "1"]
[SourceTitle "Mega2015 Update 17"]
[Source "Chessbase"]
[SourceDate "2015.03.20"]
[SourceVersion "1"]
[SourceVersionDate "2015.03.20"]
[SourceQuality "1"]

1. e4 c5 2. Nf3 d6 3. d4 cxd4 4. Qxd4 Nc6 5. Bb5 Bd7 6. Bxc6 Bxc6 7. Nc3 Nf6 8. Bg5 e6 9. O-O-O Be7 10. Rhe1 O-O 11. Kb1 Qa5 12. Qd2 Qa6 13. Nd4 Rfc8 14. f4 h6 15. h4 b5 16. a3 Qb7 17. Bxf6 Bxf6 18. g4 a5 19. g5 hxg5 20. e5 b4 21. exf6 bxc3 22. Qxc3 Be4 23. Qe3 Rab8 24. b3 Bxc2+ 25. Nxc2 gxf6 26. Qd3 Qxb3+ 27. Qxb3 Rxb3+ 28. Kc1 Rxa3 29. fxg5 Rh3 30. Rxd6 Kg7 31. Kd1 1/2-1/2

[Event "EU-ch blitz"]
[Site "Wroclaw"]
[Date "2014.12.19"]
[Round "6"]
[White "Alekseev, Evgeny V"]
[Black "Golubka, Petro"]
[Result "1-0"]
[WhiteElo "2679"]
[BlackElo "2399"]
[WhiteFideId "-1"]
[BlackFideId "-1"]
[PlyCount "137"]
[GameId "1166658999939072"]
[EventDate "2014.12.19"]
[EventType "swiss (blitz)"]
[EventRounds "11"]
[EventCountry "POL"]
[SourceTitle "CBM 164 Extra"]
[Source "ChessBase"]
[SourceDate "2015.03.02"]
[SourceVersion "1"]
[SourceVersionDate "2015.03.02"]
[SourceQuality "1"]

1. e4 c5 2. Nf3 d6 3. d4 cxd4 4. Qxd4 a6 5. h3 Nc6 6. Qe3 Nf6 7. Be2 g6 8. O-O Bg7 9. c4 O-O 10. Nc3 Nd7 11. b3 Nc5 12. Bb2 a5 13. Rab1 a4 14. Nd5 Bxb2 15. Rxb2 e6 16. Nc3 axb3 17. axb3 e5 18. Rd1 Qe7 19. Nb5 Rd8 20. Rbd2 Ne6 21. Rxd6 Rxd6 22. Nxd6 Ncd4 23. Nb5 Nxb5 24. cxb5 Nf4 25. Bc4 Be6 26. Kh2 Rc8 27. Nxe5 Qg5 28. g3 Qxe5 29. gxf4 Qf6 30. e5 Qf5 31. Bxe6 fxe6 32. Rd7 b6 33. Rb7 Rd8 34. Qf3 Rd3 35. Qg4 Rxb3 36. Rxb6 Qxg4 37. hxg4 Rf3 38. Kg2 Rxf4 39. Kg3 Rb4 40. Rxe6 Rxb5 41. f4 Kf7 42. Rf6+ Kg7 43. Rc6 g5 44. Rc7+ Kg8 45. Kf3 Rb3+ 46. Ke4 Rb4+ 47. Kf5 gxf4 48. Rc3 Rb6 49. Kxf4 Kg7 50. Kf5 Rb7 51. Rc6 Rf7+ 52. Rf6 Rb7 53. Rc6 Rf7+ 54. Ke6 Rf4 55. g5 Kg6 56. Kd7+ Kxg5 57. e6 Re4 58. e7 Rxe7+ 59. Kxe7 h5 60. Ke6 Kf4 61. Kf6 h4 62. Rc4+ Kg3 63. Kg5 h3 64. Rc3+ Kg2 65. Kg4 h2 66. Rc2+ Kg1 67. Kg3 h1=N+ 68. Kf3 Kf1 69. Rg2 1-0

[Event "EU-ch blitz"]
[Site "Wroclaw"]
[Date "2014.12.19"]
[Round "6"]
[White "Golubka, Petro"]
[Black "Alekseev, Evgeny V"]
[Result "0-1"]
[WhiteElo "2399"]
[BlackElo "2679"]
[WhiteFideId "-1"]
[BlackFideId "-1"]
[PlyCount "118"]
[GameId "1166658999967744"]
[EventDate "2014.12.19"]
[EventType "swiss (blitz)"]
[EventRounds "11"]
[EventCountry "POL"]
[SourceTitle "CBM 164 Extra"]
[Source "ChessBase"]
[SourceDate "2015.03.02"]
[SourceVersion "1"]
[SourceVersionDate "2015.03.02"]
[SourceQuality "1"]

1. e4 c5 2. Nf3 e6 3. Nc3 Nc6 4. Bb5 Nge7 5. O-O a6 6. Bxc6 Nxc6 7. d4 cxd4 8. Nxd4 d6 9. Be3 Be7 10. Qd2 O-O 11. Rad1 Qc7 12. f4 b5 13. Nce2 Bb7 14. Ng3 Nxd4 15. Bxd4 f6 16. Rfe1 Rf7 17. b3 Rc8 18. Re2 Bf8 19. Qe1 Rd7 20. h3 e5 21. Be3 Re8 22. Qf2 d5 23. fxe5 Rxe5 24. exd5 Rdxd5 25. Rxd5 Bxd5 26. Bb6 Rxe2 27. Bxc7 Rxf2 28. Kxf2 Bc5+ 29. Kf1 g6 30. c3 Kf7 31. Bf4 g5 32. Bd2 Kg6 33. Ne2 Be4 34. Nd4 Bb1 35. a4 bxa4 36. bxa4 Bd3+ 37. Ke1 h5 38. a5 Bc4 39. Be3 Bd6 40. g4 Bc7 41. Nc6 hxg4 42. hxg4 Be6 43. Bb6 Bg3+ 44. Bf2 Bd6 45. Nb4 Bc8 46. Kd2 Bxb4 47. cxb4 Bxg4 48. b5 axb5 49. a6 Bf3 50. Ke3 Ba8 51. Kd4 f5 52. Kc5 f4 53. Kxb5 g4 54. Bc5 g3 55. Kc4 Kf5 56. Kd3 f3 57. Ke3 Kg4 58. a7 Kh3 59. Kd2 f2 0-1

[Event "Yury Privalov mem."]
[Site "Lviv UKR"]
[Date "2014.10.28"]
[Round "1.1"]
[White "Golubka, Petro"]
[Black "Shaydurov, Oleg"]
[Result "1-0"]
[WhiteElo "2389"]
[BlackElo "1987"]
[WhiteFideId "-1"]
[BlackFideId "-1"]
[PlyCount "121"]
[GameId "2130307664292959"]
[EventDate "2014.10.28"]
[EventType "tourn"]
[EventRounds "9"]
[EventCountry "UKR"]
[EventCategory "3"]
[SourceTitle "10 Days #416"]
[Source "Chess Mix"]

1. e4 c5 2. Nf3 Nc6 3. Bb5 Nd4 4. Nxd4 cxd4 5. O-O a6 6. Bc4 e6 7. c3 b5 8. Bb3 Bb7 9. d3 Bc5 10. Qh5 Qe7 11. Bg5 Nf6 12. Qh4 d6 13. Nd2 h6 14. Rac1 dxc3 15. bxc3 O-O 16. Bf4 Nd5 17. Qxe7 Nxe7 18. d4 Ba3 19. Rc2 Ng6 20. Be3 a5 21. Nb1 a4 22. Bxe6 fxe6 23. Nxa3 Bxe4 24. Rb2 Rab8 25. f3 Bd3 26. Rd1 Bc4 27. Rdb1 Bd3 28. Rd1 Bc4 29. Nxc4 bxc4 30. Rdb1 Rxb2 31. Rxb2 Ne7 32. Kf2 Nd5 33. Bd2 Kf7 34. Rb7+ Kf6 35. Ra7 Rb8 36. Rxa4 Rb2 37. Ke1 Rb1+ 38. Ke2 Rg1 39. g4 Rg2+ 40. Ke1 Rxh2 41. Rxc4 Rh1+ 42. Ke2 Rh2+ 43. Kd1 Rf2 44. Rc8 Ke7 45. c4 Kd7 46. Rg8 Ne7 47. Rxg7 Rxf3 48. g5 h5 49. Rh7 Rd3 50. c5 Rxd4 51. c6+ Ke8 52. c7 Rc4 53. Ba5 Rc5 54. Bb6 Rc6 55. a4 h4 56. a5 h3 57. Rxh3 e5 58. Rh8+ Kd7 59. g6 Nxg6 60. Rd8+ Ke6 61. c8=Q+ 1-0

[Event "Yury Privalov mem."]
[Site "Lviv UKR"]
[Date "2014.10.29"]
[Round "2.5"]
[White "Golubka, Petro"]
[Black "Warakomska, Anna"]
[Result "1-0"]
[WhiteElo "2389"]
[BlackElo "2223"]
[WhiteFideId "-1"]
[BlackFideId "-1"]
[PlyCount "37"]
[GameId "2130307664292968"]
[EventDate "2014.10.28"]
[EventType "tourn"]
[EventRounds "9"]
[EventCountry "UKR"]
[EventCategory "3"]
[SourceTitle "10 Days #416"]
[Source "Chess Mix"]

1. d4 Nf6 2. c4 e6 3. Nc3 Bb4 4. Qc2 O-O 5. Bg5 h6 6. Bh4 c5 7. dxc5 Bxc5 8. Nf3 Be7 9. e3 b6 10. O-O-O Bb7 11. e4 Nh5 12. Bg3 Nxg3 13. hxg3 Qc7 14. e5 a6 15. Ne4 Bxe4 16. Qxe4 Qc6 17. Qg4 Kh8 18. Bd3 Rg8 19. Qf4 1-0

[Event "Yury Privalov mem."]
[Site "Lviv UKR"]
[Date "2014.10.29"]
[Round "3.4"]
[White "Osmak, Iulija"]
[Black "Golubka, Petro"]
[Result "1/2-1/2"]
[WhiteElo "2246"]
[BlackElo "2389"]
[WhiteFideId "-1"]
[BlackFideId "-1"]
[PlyCount "68"]
[GameId "2130307664292972"]
[EventDate "2014.10.28"]
[EventType "tourn"]
[EventRounds "9"]
[EventCountry "UKR"]
[EventCategory "3"]
[SourceTitle "10 Days #416"]
[Source "Chess Mix"]

1. e4 c6 2. d4 d5 3. e5 Bf5 4. Nf3 e6 5. Be2 c5 6. c3 Nc6 7. O-O Nge7 8. dxc5 Ng6 9. b4 Ngxe5 10. Nd4 Bg6 11. Bf4 Be7 12. b5 Nxd4 13. cxd4 Nc4 14. Nd2 Na5 15. Qa4 O-O 16. c6 Qb6 17. Rfc1 Rfc8 18. Nb3 Nc4 19. Bxc4 dxc4 20. Qxc4 Ba3 21. c7 Bxc1 22. Rxc1 Be4 23. Qe2 Bd5 24. Qg4 f6 25. Nc5 e5 26. dxe5 Rxc7 27. exf6 Rf7 28. Be5 Qxb5 29. Ne4 Bxe4 30. Rc8+ Rxc8 31. Qxc8+ Rf8 32. Qe6+ Rf7 33. Qc8+ Rf8 34. Qe6+ Rf7 1/2-1/2

[Event "Yury Privalov mem."]
[Site "Lviv UKR"]
[Date "2014.10.30"]
[Round "4.4"]
[White "Golubka, Petro"]
[Black "Sabuk, Piotr"]
[Result "1/2-1/2"]
[WhiteElo "2389"]
[BlackElo "2303"]
[WhiteFideId "-1"]
[BlackFideId "-1"]
[PlyCount "108"]
[GameId "2130307664292977"]
[EventDate "2014.10.28"]
[EventType "tourn"]
[EventRounds "9"]
[EventCountry "UKR"]
[EventCategory "3"]
[SourceTitle "10 Days #416"]
[Source "Chess Mix"]

1. e4 e5 2. Nf3 Nc6 3. Bb5 a6 4. Ba4 Nf6 5. O-O Be7 6. Re1 b5 7. Bb3 d6 8. c3 O-O 9. d4 Bg4 10. Be3 exd4 11. cxd4 Na5 12. Bc2 Nc4 13. Bc1 c5 14. b3 Nb6 15. Nbd2 Rc8 16. d5 Nfd7 17. h3 Bh5 18. g4 Bg6 19. Nf1 Re8 20. Ng3 Bf6 21. Rb1 c4 22. g5 Bc3 23. Re3 cxb3 24. Rxb3 Ba5 25. h4 Nxd5 26. h5 Nxe3 27. Bxe3 Ne5 28. hxg6 hxg6 29. Nxe5 dxe5 30. Rd3 Qc7 31. Bb3 Red8 32. Rd5 Rxd5 33. exd5 Bb4 34. Ne4 Rd8 35. a4 bxa4 36. Bxa4 Qc4 37. Qb1 Be7 38. Bb3 Qe2 39. d6 Bxd6 40. Ng3 Qb5 41. Qa2 Qd7 42. Bc2 Bb4 43. Bxg6 Qd5 44. Qb2 Bc5 45. Bxc5 Qxc5 46. Be4 g6 47. Bf3 Qd4 48. Qb7 Qf4 49. Qe7 Rd4 50. Kg2 Rd3 51. Be2 Rd2 52. Bf3 Rd3 53. Be2 Rd2 54. Bf3 Rd3 1/2-1/2

[Event "Yury Privalov mem."]
[Site "Lviv UKR"]
[Date "2014.10.30"]
[Round "5.3"]
[White "Leshchyshak, Igor"]
[Black "Golubka, Petro"]
[Result "0-1"]
[WhiteElo "2098"]
[BlackElo "2389"]
[WhiteFideId "-1"]
[BlackFideId "-1"]
[PlyCount "78"]
[GameId "2130307664292981"]
[EventDate "2014.10.28"]
[EventType "tourn"]
[EventRounds "9"]
[EventCountry "UKR"]
[EventCategory "3"]
[SourceTitle "10 Days #416"]
[Source "Chess Mix"]

1. e4 c5 2. Nc3 e6 3. g3 d5 4. exd5 exd5 5. Bg2 Nf6 6. Nge2 d4 7. Ne4 Nxe4 8. Bxe4 Nd7 9. O-O Be7 10. d3 O-O 11. Nf4 Nf6 12. Bg2 Bg4 13. Bf3 Bxf3 14. Qxf3 Qd7 15. Bd2 Rad8 16. Rfe1 Bd6 17. Nh5 Ng4 18. Bf4 Qf5 19. h3 Ne5 20. Qd1 f6 21. g4 Qd7 22. Ng3 Qc6 23. Re4 g6 24. Qe2 Rc8 25. g5 Nf3+ 26. Qxf3 fxg5 27. Qg4 gxf4 28. Nh5 Qc7 29. Qe6+ Kh8 30. Nf6 Rcd8 31. Rae1 b5 32. Nd5 Qg7 33. f3 Rd7 34. Qg4 h5 35. Qg5 Rf5 36. Re8+ Kh7 37. Qxf5 gxf5+ 38. Kh1 Bf8 39. Rg1 Qf7 0-1

[Event "Yury Privalov mem."]
[Site "Lviv UKR"]
[Date "2014.10.31"]
[Round "6.3"]
[White "Golubka, Petro"]
[Black "Terletsky, Oleg"]
[Result "1/2-1/2"]
[WhiteElo "2389"]
[BlackElo "2313"]
[WhiteFideId "-1"]
[BlackFideId "-1"]
[PlyCount "93"]
[GameId "2130307664292986"]
[EventDate "2014.10.28"]
[EventType "tourn"]
[EventRounds "9"]
[EventCountry "UKR"]
[EventCategory "3"]
[SourceTitle "10 Days #416"]
[Source "Chess Mix"]

1. e4 e5 2. Nf3 Nc6 3. Bb5 a6 4. Ba4 Nf6 5. d3 b5 6. Bb3 Be7 7. a3 O-O 8. O-O d6 9. c3 Na5 10. Ba2 c5 11. b4 Nc6 12. Bd5 Nxd5 13. exd5 Nb8 14. c4 cxb4 15. axb4 bxc4 16. dxc4 Qc7 17. Nbd2 Bf5 18. Re1 Re8 19. c5 Nd7 20. Nc4 Bg4 21. Qd3 f5 22. Ng5 Bxg5 23. Bxg5 dxc5 24. h3 Bh5 25. d6 Qb7 26. bxc5 Nxc5 27. Qxf5 Bg6 28. Qf3 Qxf3 29. gxf3 Nd7 30. Rec1 e4 31. f4 Rec8 32. Ne5 Bf5 33. Kh2 h6 34. Be7 Nxe5 35. Rxc8+ Bxc8 36. fxe5 Kf7 37. Kg3 g5 38. h4 Ke6 39. hxg5 hxg5 40. Ra5 Rb8 41. Bf6 Rb4 42. Rc5 Bd7 43. Kg2 Rb5 44. Rc3 a5 45. Rh3 Rb8 46. Rh7 Re8 47. Bxg5 1/2-1/2

[Event "Yury Privalov mem."]
[Site "Lviv UKR"]
[Date "2014.10.31"]
[Round "7.4"]
[White "Buturin, Vladimir"]
[Black "Golubka, Petro"]
[Result "0-1"]
[WhiteElo "2177"]
[BlackElo "2389"]
[WhiteFideId "-1"]
[BlackFideId "-1"]
[PlyCount "116"]
[GameId "2130307664292992"]
[EventDate "2014.10.28"]
[EventType "tourn"]
[EventRounds "9"]
[EventCountry "UKR"]
[EventCategory "3"]
[SourceTitle "10 Days #416"]
[Source "Chess Mix"]

1. e4 c5 2. Nf3 d6 3. c3 Nf6 4. h3 Bd7 5. Bd3 g6 6. O-O Bg7 7. Bc2 O-O 8. d4 cxd4 9. cxd4 Nc6 10. Nc3 Rc8 11. Qe2 Ne8 12. Rd1 Nc7 13. Be3 a6 14. d5 Ne5 15. Bb6 Nxf3+ 16. Qxf3 Qe8 17. a4 f5 18. Bd4 Qf7 19. Qe2 Bxd4 20. Rxd4 f4 21. Rb4 b5 22. axb5 Nxb5 23. e5 dxe5 24. Qxe5 f3 25. Be4 fxg2 26. Bxg2 Qxf2+ 27. Kh1 Qf6 28. Qxf6 Rxf6 29. Ne4 Rb6 30. d6 Kf8 31. Rf1+ Bf5 32. d7 Rd8 33. Nc5 Kg7 34. Re1 Kf6 35. Rd1 Rd6 36. Ra1 Nd4 37. Nb7 Nc2 38. Nxd6 Nxb4 39. Nxf5 gxf5 40. Ra4 a5 41. Rxa5 Rxd7 42. Rb5 Rd4 43. Rb8 e5 44. Rb6+ Kg5 45. Rb7 h5 46. Rg7+ Kf6 47. Rh7 h4 48. Kg1 Nd3 49. Rb7 Nf4 50. Bf1 e4 51. Kf2 Nd5 52. b3 Rd2+ 53. Ke1 Rb2 54. Bc4 Ne3 55. Rd7 Ke5 56. Bf7 f4 57. Rd2 Rb1+ 58. Ke2 Rh1 0-1

[Event "Yury Privalov mem."]
[Site "Lviv UKR"]
[Date "2014.11.01"]
[Round "8.2"]
[White "Golubka, Petro"]
[Black "Smolkov, Igor"]
[Result "1/2-1/2"]
[WhiteElo "2389"]
[BlackElo "2354"]
[WhiteFideId "-1"]
[BlackFideId "-1"]
[PlyCount "29"]
[GameId "2130307664292995"]
[EventDate "2014.10.28"]
[EventType "tourn"]
[EventRounds "9"]
[EventCountry "UKR"]
[EventCategory "3"]
[SourceTitle "10 Days #416"]
[Source "Chess Mix"]

1. e4 c6 2. d4 d5 3. e5 Bf5 4. Be3 Qb6 5. Qc1 e6 6. c4 Bxb1 7. Rxb1 Bb4+ 8. Kd1 dxc4 9. Bxc4 Qc7 10. Nf3 Ne7 11. Ke2 Nd7 12. a3 Ba5 13. Rd1 Nb6 14. Ba2 Nbd5 15. h3 1/2-1/2

[Event "Yury Privalov mem."]
[Site "Lviv UKR"]
[Date "2014.11.02"]
[Round "9.5"]
[White "Shkuran, Daniil"]
[Black "Golubka, Petro"]
[Result "1/2-1/2"]
[WhiteElo "2377"]
[BlackElo "2389"]
[WhiteFideId "-1"]
[BlackFideId "-1"]
[PlyCount "30"]
[GameId "2130307664293003"]
[EventDate "2014.10.28"]
[EventType "tourn"]
[EventRounds "9"]
[EventCountry "UKR"]
[EventCategory "3"]
[SourceTitle "10 Days #416"]
[Source "Chess Mix"]

1. e4 c5 2. c3 e5 3. Nf3 Nc6 4. d4 cxd4 5. cxd4 exd4 6. Nxd4 Nf6 7. Nxc6 dxc6 8. Qxd8+ Kxd8 9. Nc3 Bb4 10. f3 Be6 11. Be2 Ke7 12. Be3 h6 13. Kf2 b6 14. Rhc1 Rhd8 15. g4 g5 1/2-1/2